000 00730nam a2200277Ia 4500
008 171120s9999 xx 000 0 und d
020 _a9712714780
050 _a362.82
050 _bC261 2004
100 _aCarandang, Ma. Lourdes A.
245 4 _aThe path to healing :
245 _ba primer on family violence /
245 _cby Ma. Lourdes A. Carandang and Beatrix Aileen L. Sison.
260 _aPhilippines :
260 _bAnvil,
260 _c2004
300 _a121 pages :
300 _billustrations ;
300 _c21cm.
650 _aChild abuse --
650 _aFamily violence --
650 _xPhilippines.
650 _xPhilippines.
700 _aSison, Beatrix Aileen L.
700 _aTitle.
999 _c345342
_d345342